The Royal Horticultural Society A-Z encyclopedia of garden plants

Bibliographic Details
Corporate Author: Royal Horticultural Society (Great Britain)
Other Authors: Brickell, Christopher
Format: Book
Published: London : Dorling Kindersley , 2003.
Edition:Rev. ed.
Subjects:

MARC

LEADER 00000cam a2200000 7i4500
001 0000003606
005 20070920.0
020 0 0 |a 0751337382 
090 0 0 |a R 635.903   |b RHS 
245 0 0 |a The Royal Horticultural Society A-Z encyclopedia of garden plants   |c Christopher Brickell, editor-in-chief. 
250 0 0 |a Rev. ed. 
260 0 0 |a London :   |b Dorling Kindersley ,   |c 2003. 
300 |a 2 v. (1128 p.) :   |b col. ill., 1 col. map ;   |c 30 cm. 
500 0 0 |a Includes index. 
500 0 0 |a Previous ed.: 1996. 
505 0 0 |a v. 1. A-J -- v. 2. K-Z. 
650 0 0 |a Plants, Ornamental   |x Encyclopedias. 
700 1 1 |a Brickell, Christopher. 
710 2 1 |a Royal Horticultural Society (Great Britain) 
999 |a 0000007198   |b Monograph   |c Reference   |e Default branch 
999 |a 0000007199   |b Monograph   |c Reference   |e Default branch